Statistics for Pokemon with No Evolutions

Click here to take the quiz!

General Stats

  • This quiz has been taken 16 times
  • The average score is 20 of 37

Answer Stats

HintAnswer% Correct
142Aerodactyl
87%
131Lapras
80%
127Pinsir
80%
132Ditto
73%
214Heracross
73%
115Kangaskhan
73%
128Tauros
67%
314Illumise
60%
311Minun
60%
312Plusle
60%
235Smeargle
60%
313Volbeat
60%
359Absol
53%
531Audino
53%
352Kecleon
53%
303Mawile
53%
241Miltank
53%
479Rotom
53%
302Sableye
53%
213Shuckle
53%
201Unown
53%
351Castform
47%
337Lunatone
47%
417Pachirisu
47%
369Relicanth
47%
336Seviper
47%
227Skarmory
47%
338Solrock
47%
442Spiritomb
47%
357Tropius
47%
455Carnivine
40%
441Chatot
40%
225Delibird
40%
370Luvdisc
40%
327Spinda
40%
335Zangoose
40%
324Torkoal
33%

Score Distribution

Percentile by Number Answered

Percent of People with Each Score

Your Score History

You have not taken this quiz